000 01080nam0a22002771 4500
001 rc\2976114
005 20250806211602.0
035 _a(NLR Aleph) 007121790
090 _a68892
_c68892
100 _a20110909d1943 u y0rusy50 ca
101 0 _arus
102 _aRU
105 _aa z |||||
200 1 _aРуководство по изготовлению тары на терпентинных промыслах
_fА.А. Никонов, Б.П. Устинович, Н.А. Фридрих
_gНаркомлем СССР, Главхимлесхоз
210 _aМосква
_cГослестехиздат
_d1943
215 _a48 с.
_cил.
_d23 см
700 1 _aНиконов
_bА.А.
_f1943-
_gАлександр Андреевич
701 1 _aУстинович
_bБ.П.
701 1 _aФридрих
_bН.А.
_gНиколай Александрович
801 0 _aRU
_bNLR
_gpsbo
801 1 _aRU
_bELAR
_2rusmarc
852 _aNLR
_jТ50 Г-6/8
942 _cBOOK
945 _aРоссийская национальная библиотека
980 _aNB
980 _aBV